Mahakavi Bharathi Sila Oppeetu Paarvaigal (Record no. 232716)

MARC details
000 -LEADER
fixed length control field 00439nam a2200181Ia 4500
008 - FIXED-LENGTH DATA ELEMENTS--GENERAL INFORMATION
fixed length control field 240823s9999||||xx |||||||||||||| ||und||
082 ## - DEWEY DECIMAL CLASSIFICATION NUMBER
-- 894.8115 Q4
100 ## - MAIN ENTRY--PERSONAL NAME
Personal name Nalli Kuppuswami Chettiar
245 #0 - TITLE STATEMENT
Title Mahakavi Bharathi Sila Oppeetu Paarvaigal
250 ## - EDITION STATEMENT
Edition statement 3rd
260 ## - PUBLICATION, DISTRIBUTION, ETC. (IMPRINT)
Date of publication, distribution, etc 2014
Name of publisher, distributor, etc Sree Bhuvaneshwer
500 ## - GENERAL NOTE
General note YES
650 ## - SUBJECT ADDED ENTRY--TOPICAL TERM
Topical term or geographic name as entry element Tamil
942 ## - ADDED ENTRY ELEMENTS (KOHA)
Item type Books
Holdings
Withdrawn status Lost status Damaged status Permanent location Current location Date acquired Source of acquisition Cost, normal purchase price Full call number Barcode Date last seen Koha item type
      CENTRAL LIBRARY, NOORUL ISLAM CENTRE FOR HIGHER EDUCATION CENTRAL LIBRARY, NOORUL ISLAM CENTRE FOR HIGHER EDUCATION 08/17/2020 Gift Book 65.00 894.8115 Q4 80704 08/23/2024 Books
Visitors:
Copyright © 2024 Central Library NICHE.  All rights reserved.